The answer ends with an S - Statistics

General Stats
  • This quiz has been taken 31 times
  • The average score is 9 of 15
Answer Stats
Hint Answer % Correct
Upper, Middle or Working Class
97%
US state which includes the city of Chicago Illinois
90%
Capital of Argentina Buenos Aires
86%
Capital of Syria Damascus
79%
An item used to help keep your teeth clean Floss
79%
UK rock group who are still together today who had their first hit in 1964 Rolling Stones
79%
70's US TV series that starred Farrah Fawcett, Kate Jackson, Jaclyn Smith & Cheryl Ladd Charlies Angels
72%
Island country whose capital is Nassau The Bahamas
72%
Australian soap opera which was first broadcast in 1985 Neighbours
62%
Pacific island country who's capital is Honiara Solomon Islands
55%
UK Singer who has had hits with Rock DJ & Angels Robbie Williams
45%
Type of French white wine from the Burgundy region Chablis
38%
Early type of rifle with a short, large barrel Blunderbuss
21%
Actress who played Lilimae Clements in Knots Landing and was the lead in the 1963 film The Haunting Julie Harris
7%
Type of Spanish blue cheese Cabrales
3%
No matching quizzes found
Score Distribution
Percent of People with Each Score
Percentile by Number Answered
Your Score History
You have not taken this quiz